| 000 | 00933nam a2200289 i 4500 | ||
|---|---|---|---|
| 001 | 69105 | ||
| 003 | ES-MaACL | ||
| 005 | 20250812055420.0 | ||
| 007 | t| | ||
| 008 | 040910s2004 sp ||||1| spa d | ||
| 020 | _a84-8432-515-6 | ||
| 080 | _a929 Hitler, Adolf | ||
| 080 | _a94(100)"1939/45" | ||
| 080 | _a94(430)"1933/45" | ||
| 100 | 1 |
_aHitler, Adolf, _d1889-1945 _963836 |
|
| 245 | 1 | 4 |
_aLas conversaciones privadas de Hitler / _cintroducción de Hugh Trevor-Roper. |
| 260 |
_aBarcelona : _bCrítica, _c[2004] |
||
| 300 |
_a604 p. ; _c24 cm. |
||
| 490 | 1 | _aMemoria crítica | |
| 600 | 1 | 4 |
_aHitler, Adolf, _d1889-1945 _963836 |
| 650 | 1 | 4 |
_aGuerra mundial, 1939-1945- _zAlemania. _913229 |
| 651 | 4 |
_aAlemania- _xHistoria- _y1933-1945. _97663 |
|
| 700 | 1 |
_aTrevor-Roper, H. R., _d1914-2003 _9111357 |
|
| 830 | 0 |
_aMemoria crítica _9122959 |
|
| 852 |
_aES-MaACL _jL-28057 _bR.133743 |
||
| 999 |
_c69105 _d69105 |
||